| 000 | 00691nam a22002297a 4500 | ||
|---|---|---|---|
| 005 | 20170124110052.0 | ||
| 010 | _aA-944127 | ||
| 020 |
_c595 _a818619619 |
||
| 035 | _aA-944127 | ||
| 037 | _bCen Lib/Ret | ||
| 040 |
_aDPL _bEN |
||
| 082 |
_a613.7 _bSHA |
||
| 100 |
_aShaw, Dhananjoy _919307 |
||
| 245 |
_aPedagogic kinesiology / _cby Dhananjoy Shaw |
||
| 260 |
_aDelhi _bSports Publcations _c1998 |
||
| 270 |
_ashiv market, ashok vihar _bDelhi _e110052 |
||
| 300 |
_a318p. _c21cm(Hb) |
||
| 500 | _aIncludes bibliographical references | ||
| 650 |
_aBiomechanics and kinsiology _925695 |
||
| 650 |
_aHistory and growth _925696 |
||
| 942 |
_2ddc _cEN _h613.7 _mSHA |
||
| 999 |
_c129198 _d129198 |
||